000 00662nam a2200217 a 4500
001 000011276
005 20230526131558.0
008 091015s1987 dr a r 000 d spa d
040 _aDO-SdBNP
_bspa
_cBNPHU
082 _a862.2
_bR741c, 1987
100 1 _aRojas, Fernando de,
_d1470-1541
_939878
245 1 3 _aLa Celestina /
_cFernando de Rojas.
250 _a3a. ed.
260 _aSanto Domingo :
_bAlfa y Omega,
_c1987.
300 _a183 p. :
_bil. ;
_c17 cm.
590 _aInventariado, 2019 / DG
650 4 _aTeatro español
_93071
650 4 _aDrama español
_926851
650 4 _aLiteratura española
_9632
910 _aValidado. Control de calidad. MFF
999 _c10993
_d10993